| 000 | 00335nam a2200133Ia 4500 | ||
|---|---|---|---|
| 008 | 150201s2009 xx 000 0 und d | ||
| 082 |
_a612.015 _bI09G |
||
| 100 | _aGUPTE,SATISH | ||
| 245 | _aILLUSTRATED MEDICAL MICROBIOLOGY | ||
| 250 | _a2ND | ||
| 260 |
_bJAYPEE BROTHERS _aDELHI _c2009 |
||
| 650 | _aMICROBIOLOGY | ||
| 942 |
_2ddc _cBK _02 |
||
| 999 |
_c1012 _d1012 |
||